[Event "ITA-chTB 53rd"]
[Site "Montesilvano"]
[Date "2022.04.23"]
[Round "7.1"]
[White "Caprio, Guido"]
[Black "Lazic, Miroljub"]
[Result "1-0"]
[WhiteElo "2426"]
[BlackElo "2304"]
[PlyCount "66"]
[EventDate "2022.04.19"]
[EventType "team-tourn"]
[EventRounds "7"]
[EventCountry "ITA"]
[SourceTitle "CBM 207 Extra"]
[Source "ChessBase"]
[SourceDate "2022.05.31"]
[SourceVersion "1"]
[SourceVersionDate "2022.05.31"]
[SourceQuality "1"]
[WhiteTeam "Il Grifone D’Arzignano"]
[BlackTeam "Milan Accademia"]
[WhiteTeamCountry "ITA"]
[BlackTeamCountry "ITA"]

1. d4 d6 2. Nf3 Nf6 3. c4 Nbd7 4. Nc3 e5 5. e4 c6 6. Be2 Be7 7. 0-0 0-0 8. Rb1 a5 9. Qc2 Qe8 10. Rd1 Bd8 11. b3 exd4 12. Nxd4 Nc5 13. f3 Bb6 14. Kh1 Qe5 15. Be3 Re8 16. Qd2 Qe7 17. Bf4 h6 18. Nc2 Bc7 19. Bxd6 Bxd6 20. Qxd6 Qxd6 21. Rxd6 Be6 22. Kg1 g5 23. Kf2 Red8 24. Rxd8+ Rxd8 25. Ke3 Kf8 26. Nd4 Nfd7 27. g3 Ke7 28. Rh1 Rg8 29. h4 gxh4 30. g4 Kf6 31. Rxh4 Kg7 32. f4 Nb6 33. Rh5 Rh8 1-0

[Event "ITA-chT 48th"]
[Site "Civitanova Marche"]
[Date "2016.04.29"]
[Round "4.2"]
[White "Balzan, Alessandro"]
[Black "Caprio, Guido"]
[Result "0-1"]
[WhiteElo "2051"]
[BlackElo "2429"]
[PlyCount "60"]
[EventDate "2016.04.27"]
[EventType "team-swiss"]
[EventRounds "7"]
[EventCountry "ITA"]
[SourceTitle "CBM 172 Extra"]
[Source "ChessBase"]
[SourceDate "2016.06.21"]
[SourceVersion "1"]
[SourceVersionDate "2016.06.21"]
[SourceQuality "1"]
[WhiteTeam "Montebelluna Master"]
[BlackTeam "Modena"]
[WhiteTeamCountry "ITA"]
[BlackTeamCountry "ITA"]

1. d4 e6 2. Nf3 Nf6 3. g3 b6 4. Bg2 Bb7 5. 0-0 g6 6. c4 Bg7 7. Nc3 0-0 8. Qc2 d5 9. cxd5 exd5 10. Rd1 Na6 11. Bg5 h6 12. Bf4 Qe7 13. Rac1 Rfd8 14. a3 c5 15. h3 Rac8 16. e3 Ne4 17. g4 cxd4 18. Nxd4 Nxc3 19. bxc3 Qxa3 20. Ra1 Qe7 21. Bf1 Nb4 22. Qa4 Nc6 23. Nxc6 Rxc6 24. Bb5 Rc5 25. Rab1 d4 26. cxd4 Qe4 27. d5 Rcxd5 28. f3 Qxf3 29. Rf1 Qxh3 30. Rb2 Bxb2 0-1

[Event "ITA-chT 47th"]
[Site "Civitanova Marche"]
[Date "2015.05.01"]
[Round "4.2"]
[White "Caprio, Guido"]
[Black "Rombaldoni, Denis"]
[Result "0-1"]
[WhiteElo "2418"]
[BlackElo "2479"]
[PlyCount "110"]
[EventDate "2015.04.29"]
[EventType "team-swiss"]
[EventRounds "7"]
[EventCountry "ITA"]
[SourceTitle "CBM 166 Extra"]
[Source "ChessBase"]
[SourceDate "2015.06.18"]
[SourceVersion "1"]
[SourceVersionDate "2015.06.18"]
[SourceQuality "1"]
[WhiteTeam "Modena"]
[BlackTeam "Chieti"]
[WhiteTeamCountry "ITA"]
[BlackTeamCountry "ITA"]

1. c4 d6 2. d4 g6 3. Nc3 Bg7 4. e4 e5 5. d5 Ne7 6. h4 f5 7. h5 f4 8. Be2 0-0 9. Bg4 g5 10. b3 Bxg4 11. Qxg4 h6 12. Ba3 Nd7 13. 0-0-0 b6 14. Nf3 Kh8 15. Qe6 Ng8 16. Nh2 a6 17. Qh3 Ngf6 18. g4 b5 19. Qd3 Qb8 20. cxb5 axb5 21. Bb4 Qb6 22. f3 Rfb8 23. Qc2 Bf8 24. Nf1 Nc5 25. a3 Rb7 26. Kb2 Nfd7 27. Na2 Rba7 28. Nd2 Nb8 29. Nb1 Nca6 30. Be1 c5 31. dxc6 Nxc6 32. Bf2 Nd4 33. Qd2 Nc5 34. Nb4 Ncxb3 35. Qc3 Nc5 36. Nd5 Na4+ 37. Ka1 Nxc3 38. Nxb6 Rxa3+ 39. Nxa3 Rxa3+ 40. Kb2 Rb3+ 41. Kc1 Nxd1 42. Bxd4 exd4 43. Rxd1 Bg7 44. Rf1 d3 45. Kd2 Bb2 46. Nd5 b4 47. Nb6 Kg7 48. Nc4 Bd4 49. Rc1 Kf6 50. Kd1 Be3 51. Ra1 Rc3 52. e5+ Ke6 53. Nd2 Rc2 54. Nf1 Rf2 55. Ke1 d2+ 0-1

[Event "Qatar Masters op"]
[Site "Doha"]
[Date "2014.12.02"]
[Round "7"]
[White "Caprio, Guido"]
[Black "Duda, Jan Krzysztof"]
[Result "1/2-1/2"]
[WhiteElo "2401"]
[BlackElo "2599"]
[PlyCount "93"]
[EventDate "2014.11.26"]
[EventType "swiss"]
[EventRounds "9"]
[EventCountry "QAT"]
[SourceTitle "CBM 164"]
[Source "ChessBase"]
[SourceDate "2015.01.15"]
[SourceVersion "1"]
[SourceVersionDate "2015.01.15"]
[SourceQuality "1"]

1. d4 Nf6 2. c4 e6 3. Nc3 Bb4 4. e3 0-0 5. Bd3 c5 6. Nf3 d5 7. 0-0 cxd4 8. exd4 dxc4 9. Bxc4 b6 10. Bg5 Bb7 11. Re1 Nc6 12. a3 Be7 13. Qd3 h6 14. Bh4 Nh5 15. Bg3 Nxg3 16. hxg3 Bf6 17. d5 exd5 18. Nxd5 Bxb2 19. Rad1 Kh8 20. Ba2 g6 21. Qc2 Bf6 22. Nf4 Qc7 23. Nd5 Qd6 24. Qc1 Kg7 25. Nxb6 Nd4 26. Nxa8 Bxf3 27. gxf3 Rxa8 28. Qc4 Rf8 29. Rd3 Qd7 30. Re4 Rd8 31. Kg2 a5 32. Rf4 Qa7 33. Re4 h5 34. Rd1 Rd7 35. Qc8 Rc7 36. Qe8 Rc2 37. Bb1 Rb2 38. Rf1 Qc5 39. Qd7 h4 40. gxh4 Nf5 41. h5 Ne3+ 42. Rxe3 Qxe3 43. hxg6 Qg5+ 44. Kh1 Qh4+ 45. Kg2 Qg5+ 46. Kh1 Qh4+ 47. Kg2 1/2-1/2

[Event "Qatar Masters op"]
[Site "Doha"]
[Date "2014.11.30"]
[Round "5"]
[White "Caprio, Guido"]
[Black "Gara, Ticia"]
[Result "1-0"]
[WhiteElo "2401"]
[BlackElo "2326"]
[PlyCount "127"]
[EventDate "2014.11.26"]
[EventType "swiss"]
[EventRounds "9"]
[EventCountry "QAT"]
[SourceTitle "CBM 164"]
[Source "ChessBase"]
[SourceDate "2015.01.15"]
[SourceVersion "1"]
[SourceVersionDate "2015.01.15"]
[SourceQuality "1"]

1. Nf3 Nf6 2. g3 g6 3. Bg2 Bg7 4. 0-0 0-0 5. d3 d5 6. a3 c5 7. Nc3 Nc6 8. Rb1 Qc7 9. Bg5 Rd8 10. Qc1 Bg4 11. h3 Bxf3 12. Bxf3 d4 13. Bxf6 exf6 14. Nd5 Qe5 15. Nf4 Rac8 16. c4 dxc3 17. bxc3 b6 18. Qc2 Bh6 19. e3 Bxf4 20. gxf4 Qd6 21. Rbd1 f5 22. Qa2 Qe6 23. Qxe6 fxe6 24. Rd2 Na5 25. Rfd1 Kf7 26. h4 Rd7 27. Kf1 Rcd8 28. Ke2 Kf6 29. Bg2 Nb3 30. Rc2 Na5 31. Bf1 Rc7 32. Rcc1 Nc6 33. Bg2 e5 34. fxe5+ Nxe5 35. f4 Nf7 36. e4 fxe4 37. dxe4 Rcd7 38. e5+ Ke7 39. Rxd7+ Kxd7 40. a4 Ke7 41. Be4 Rf8 42. Ke3 Nh6 43. Rg1 Nf5+ 44. Bxf5 Rxf5 45. Rg5 Ke6 46. Ke4 a6 47. c4 a5 48. Rg2 Rh5 49. Rh2 Ke7 50. Kf3 Kd7 51. Kg4 Rf5 52. Rd2+ Kc7 53. Rd6 Rf7 54. Kf3 Re7 55. Ke4 Rf7 56. h5 gxh5 57. Rh6 Rd7 58. e6 Rd4+ 59. Ke5 Rxc4 60. Rxh7+ Kc6 61. f5 Rc1 62. Rxh5 c4 63. Rh4 Re1+ 64. Re4 1-0

[Event "Qatar Masters op"]
[Site "Doha"]
[Date "2014.11.28"]
[Round "3"]
[White "Caprio, Guido"]
[Black "Mista, Aleksander"]
[Result "0-1"]
[WhiteElo "2401"]
[BlackElo "2616"]
[PlyCount "86"]
[EventDate "2014.11.26"]
[EventType "swiss"]
[EventRounds "9"]
[EventCountry "QAT"]
[SourceTitle "CBM 164"]
[Source "ChessBase"]
[SourceDate "2015.01.15"]
[SourceVersion "1"]
[SourceVersionDate "2015.01.15"]
[SourceQuality "1"]

1. d4 Nf6 2. c4 g6 3. Nc3 d5 4. Nf3 Bg7 5. cxd5 Nxd5 6. e4 Nxc3 7. bxc3 c5 8. Be3 Qa5 9. Qd2 Nc6 10. Rb1 a6 11. Rc1 cxd4 12. cxd4 Qxd2+ 13. Kxd2 f5 14. e5 h6 15. h4 Rf8 16. Bf4 Be6 17. Bc4 Bxc4 18. Rxc4 e6 19. Rb1 Rf7 20. Rb6 Rc8 21. Ke2 Rd7 22. Bd2 Bf8 23. a4 Rcc7 24. g3 Rd5 25. Be3 Kd7 26. Ne1 Nd8 27. Rxc7+ Kxc7 28. Rb2 Ra5 29. Ra2 Nc6 30. Nd3 g5 31. hxg5 hxg5 32. f3 Rd5 33. Rc2 Kd7 34. Nc5+ Bxc5 35. dxc5 f4 36. gxf4 gxf4 37. Bf2 Rxe5+ 38. Kd2 Rd5+ 39. Kc3 Ne5 40. Kb4 Nxf3 41. Ka5 Kc7 42. Rb2 Ne5 43. Rb4 Nc6# 0-1

[Event "Qatar Masters op"]
[Site "Doha"]
[Date "2014.11.27"]
[Round "2"]
[White "L'Ami, Erwin"]
[Black "Caprio, Guido"]
[Result "1-0"]
[WhiteElo "2618"]
[BlackElo "2401"]
[PlyCount "120"]
[EventDate "2014.11.26"]
[EventType "swiss"]
[EventRounds "9"]
[EventCountry "QAT"]
[SourceTitle "CBM 164"]
[Source "ChessBase"]
[SourceDate "2015.01.15"]
[SourceVersion "1"]
[SourceVersionDate "2015.01.15"]
[SourceQuality "1"]

1. d4 Nf6 2. c4 e6 3. Nf3 b6 4. g3 Bb7 5. Bg2 Bb4+ 6. Bd2 c5 7. 0-0 0-0 8. Bxb4 cxb4 9. a3 bxa3 10. Rxa3 a5 11. Nc3 Na6 12. Qb3 Rc8 13. Rc1 Nb4 14. Na2 Nxa2 15. Qxa2 Nd5 16. e4 Nb4 17. Qb1 d6 18. h4 Qe7 19. Re3 e5 20. b3 Rfe8 21. Rd1 Ba6 22. Bf1 Rc7 23. Rd2 Bc8 24. Ne1 Qf6 25. Qd1 Rce7 26. Bg2 Bb7 27. dxe5 dxe5 28. Bh3 Rc7 29. Nc2 Nxc2 30. Rxc2 Bc8 31. Bxc8 Rcxc8 32. Rd2 a4 33. Rd6 Re6 34. Rd7 axb3 35. Rf3 Qh6 36. Rfxf7 b2 37. Kg2 Rf6 38. Rxg7+ Qxg7 39. Rxg7+ Kxg7 40. Qd7+ Kh6 41. Qd2+ Kg6 42. h5+ Kxh5 43. Qxb2 Re6 44. Qe2+ Kh6 45. Qg4 Rce8 46. Kf1 Rf6 47. f4 exf4 48. gxf4 Re5 49. f5 Rc5 50. e5 Rfc6 51. Qh4+ Kg7 52. f6+ Kg8 53. Qg4+ Kf7 54. Qg7+ Ke6 55. Qe7+ Kf5 56. f7 Rc8 57. Qf6+ Ke4 58. e6 Rxc4 59. f8Q Rc1+ 60. Kg2 R8c2+ 1-0

[Event "Chigorin Memorial 22nd"]
[Site "St Petersburg"]
[Date "2014.10.26"]
[Round "9"]
[White "Khanin, Semen"]
[Black "Caprio, Guido"]
[Result "1/2-1/2"]
[WhiteElo "2292"]
[BlackElo "2412"]
[PlyCount "66"]
[EventDate "2014.10.18"]
[EventType "swiss"]
[EventRounds "9"]
[EventCountry "RUS"]
[SourceTitle "EXT 2015"]
[Source "ChessBase"]
[SourceDate "2014.11.20"]
[SourceVersion "1"]
[SourceVersionDate "2014.11.20"]
[SourceQuality "1"]

1. e4 Nc6 2. Nf3 d6 3. d4 Nf6 4. Nc3 g6 5. h3 Bg7 6. Be2 0-0 7. 0-0 e5 8. Be3 exd4 9. Nxd4 Re8 10. Nxc6 bxc6 11. Bf3 Nd7 12. Qd2 Ba6 13. Rfe1 Qb8 14. Rab1 Qb4 15. a3 Qa5 16. Bg4 Nb6 17. Bd4 Nc4 18. Qd1 Bxd4 19. Qxd4 Ne5 20. Be2 Bxe2 21. Rxe2 Qb6 22. Qxb6 axb6 23. a4 f5 24. f4 Nd7 25. Rbe1 fxe4 26. Rxe4 Rxe4 27. Rxe4 Kf7 28. b3 Nc5 29. Re2 Ne6 30. Kh2 Re8 31. Rd2 Nc5 32. Re2 Ne6 33. Kg3 d5 1/2-1/2

[Event "Chigorin Memorial 22nd"]
[Site "St Petersburg"]
[Date "2014.10.21"]
[Round "4"]
[White "Caprio, Guido"]
[Black "Ganichev, Alexander"]
[Result "1-0"]
[WhiteElo "2412"]
[BlackElo "2247"]
[PlyCount "61"]
[EventDate "2014.10.18"]
[EventType "swiss"]
[EventRounds "9"]
[EventCountry "RUS"]
[SourceTitle "EXT 2015"]
[Source "ChessBase"]
[SourceDate "2014.11.20"]
[SourceVersion "1"]
[SourceVersionDate "2014.11.20"]
[SourceQuality "1"]

1. d4 d5 2. c4 e6 3. Nc3 c6 4. e3 Nf6 5. Nf3 Nbd7 6. Qc2 Bd6 7. Bd3 dxc4 8. Bxc4 b5 9. Be2 h6 10. 0-0 0-0 11. Rd1 Qc7 12. e4 e5 13. h3 Bb7 14. Be3 Rfe8 15. Rac1 exd4 16. Nxd4 a6 17. Nf5 Bh2+ 18. Kf1 c5 19. g3 Bxg3 20. Nxg3 b4 21. Nd5 Nxd5 22. exd5 Rxe3 23. fxe3 Qxg3 24. Qf5 Nf6 25. Qf3 Qe5 26. Rxc5 Ne4 27. Rc4 Ng3+ 28. Kg2 Nxe2 29. Rxb4 Qg5+ 30. Kf2 Qe7 31. d6 1-0

[Event "Acqui Terme op 3rd"]
[Site "Acqui Terme"]
[Date "2014.07.06"]
[Round "1"]
[White "D'Agostino, Maurizio"]
[Black "Caprio, Guido"]
[Result "0-1"]
[WhiteElo "2011"]
[BlackElo "2415"]
[PlyCount "110"]
[EventDate "2014.07.06"]
[EventType "swiss"]
[EventRounds "9"]
[EventCountry "ITA"]
[SourceTitle "CBM 161 Extra"]
[Source "ChessBase"]
[SourceDate "2014.08.29"]
[SourceVersion "1"]
[SourceVersionDate "2014.08.29"]
[SourceQuality "1"]

1. Nf3 Nf6 2. d4 d5 3. e3 g6 4. Nbd2 Bg7 5. Be2 0-0 6. c3 Nbd7 7. b4 e5 8. Nb3 c6 9. 0-0 Ne4 10. Bb2 Nd6 11. dxe5 Nxe5 12. Nxe5 Bxe5 13. Nd4 Qe7 14. Re1 Rd8 15. Qb3 Be6 16. Rad1 Rac8 17. a4 Rd7 18. Bd3 f5 19. Nxe6 Qxe6 20. f3 Re8 21. Bf1 Kg7 22. b5 Bf6 23. c4 dxc4 24. Bxf6+ Qxf6 25. Bxc4 Rde7 26. Bf1 Nf7 27. Qa3 h5 28. Qc5 cxb5 29. Bxb5 b6 30. Qd4 Qxd4 31. Rxd4 Rc8 32. Kf2 Rc3 33. Rd3 Rc5 34. Red1 Ne5 35. Rd4 Rc3 36. R1d2 Ra3 37. h3 Rc3 38. f4 Nf7 39. R4d3 Rcc7 40. Rd5 Kf6 41. g3 Rc3 42. R5d3 Rcc7 43. Rd5 Rc3 44. R5d3 Rxd3 45. Rxd3 Rc7 46. Rd2 Ke7 47. Be2 Nd6 48. Bf3 Rc4 49. Rd4 Rc2+ 50. Kg1 Rc4 51. Bd5 Rxd4 52. exd4 b5 53. Bb3 bxa4 54. Bxa4 Ne4 55. Kg2 a5 0-1

[Event "Porto Mannu op 6th"]
[Site "Porto Mannu"]
[Date "2014.06.13"]
[Round "8"]
[White "Caprio, Guido"]
[Black "Tischbierek, Raj"]
[Result "0-1"]
[WhiteElo "2424"]
[BlackElo "2414"]
[PlyCount "58"]
[EventDate "2014.06.07"]
[EventType "swiss"]
[EventRounds "9"]
[EventCountry "ITA"]
[SourceTitle "CBM 160 Extra"]
[Source "ChessBase"]
[SourceDate "2014.07.01"]
[SourceVersion "1"]
[SourceVersionDate "2014.07.01"]
[SourceQuality "1"]

1. d4 d5 2. c4 c6 3. e3 Nf6 4. Nc3 e6 5. Nf3 Nbd7 6. Qc2 b6 7. Bd3 Bb7 8. b3 dxc4 9. bxc4 c5 10. d5 exd5 11. cxd5 Nxd5 12. Nxd5 Bxd5 13. Bb2 c4 14. Be4 Bb4+ 15. Ke2 Nc5 16. Bxd5 Qxd5 17. Rhd1 Qd3+ 18. Qxd3 Nxd3 19. Rxd3 cxd3+ 20. Kxd3 0-0 21. Nd4 Rfd8 22. a4 Rac8 23. Rb1 Bc5 24. Bc3 Rd7 25. Rb3 f6 26. g3 Kf7 27. h3 g5 28. g4 Bxd4 29. Bxd4 Rc1 0-1

[Event "ITA-chT 46th"]
[Site "Condino"]
[Date "2014.05.01"]
[Round "3.1"]
[White "Garcia Palermo, Carlos H"]
[Black "Caprio, Guido"]
[Result "1/2-1/2"]
[WhiteElo "2455"]
[BlackElo "2426"]
[PlyCount "86"]
[EventDate "2014.04.30"]
[EventType "team-swiss"]
[EventRounds "7"]
[EventCountry "ITA"]
[SourceTitle "CBM 160 Extra"]
[Source "ChessBase"]
[SourceDate "2014.07.01"]
[SourceVersion "1"]
[SourceVersionDate "2014.07.01"]
[SourceQuality "1"]
[WhiteTeam "Chieti"]
[BlackTeam "Latina"]
[WhiteTeamCountry "ITA"]
[BlackTeamCountry "ITA"]

1. d4 d5 2. c4 e6 3. Nc3 Nf6 4. Bg5 Nbd7 5. e3 Be7 6. Rc1 0-0 7. Nf3 h6 8. Bh4 c6 9. Qc2 a6 10. cxd5 exd5 11. Bd3 Re8 12. 0-0 Ne4 13. Bxe7 Qxe7 14. Rfe1 Ndf6 15. Ne5 Bf5 16. Na4 Bh7 17. f3 Nd6 18. Bxh7+ Nxh7 19. Nc5 Nf8 20. a4 a5 21. Qc3 Ne6 22. Nxe6 Qxe6 23. Nd3 Qg6 24. b3 Re7 25. Ne5 Qe6 26. e4 Ree8 27. exd5 Qxd5 28. Nc4 Nxc4 29. bxc4 Qd6 30. Rcd1 Rxe1+ 31. Rxe1 Qb4 32. Qxb4 axb4 33. Ra1 b3 34. Kf2 b2 35. Rb1 Rxa4 36. Rxb2 Rxc4 37. Ke3 b5 38. d5 cxd5 39. Rxb5 Rc2 40. g4 Rc3+ 41. Ke2 Rc2+ 42. Ke3 Rc3+ 43. Ke2 Rc2+ 1/2-1/2

[Event "ITA-chT 46th"]
[Site "Condino"]
[Date "2014.05.01"]
[Round "2.2"]
[White "Rombaldoni, Axel"]
[Black "Caprio, Guido"]
[Result "0-1"]
[WhiteElo "2513"]
[BlackElo "2426"]
[PlyCount "76"]
[EventDate "2014.04.30"]
[EventType "team-swiss"]
[EventRounds "7"]
[EventCountry "ITA"]
[SourceTitle "CBM 160 Extra"]
[Source "ChessBase"]
[SourceDate "2014.07.01"]
[SourceVersion "1"]
[SourceVersionDate "2014.07.01"]
[SourceQuality "1"]
[WhiteTeam "WorldtradingLab"]
[BlackTeam "Latina"]
[WhiteTeamCountry "ITA"]
[BlackTeamCountry "ITA"]

1. d4 d5 2. c4 e6 3. Nf3 Nf6 4. g3 dxc4 5. Bg2 a6 6. 0-0 Nc6 7. Nbd2 b5 8. Ne5 Nxe5 9. Bxa8 Qxd4 10. Ne4 Qxd1 11. Nxf6+ gxf6 12. Rxd1 Bc5 13. Kg2 Ke7 14. Bf4 Bd7 15. Be4 Ng4 16. Rf1 e5 17. Bd2 f5 18. Bc2 f4 19. f3 Ne3+ 20. Bxe3 Bxe3 21. Rfd1 Bd4 22. Rab1 c5 23. g4 h5 24. h3 f5 25. Bxf5 Bxf5 26. gxf5 Kf6 27. h4 Kxf5 28. Rdc1 Rb8 29. Rc2 a5 30. Rd1 a4 31. Rb1 Ke6 32. Rbc1 Kd5 33. Kh3 Rg8 34. Kh2 Ke6 35. Rd1 Rg7 36. Rf1 Be3 37. Rd1 Rd7 38. Rxd7 Kxd7 0-1

[Event "Padova op-A 16th"]
[Site "Padova"]
[Date "2013.12.21"]
[Round "8"]
[White "Lazic, Miroljub"]
[Black "Caprio, Guido"]
[Result "1/2-1/2"]
[WhiteElo "2461"]
[BlackElo "2423"]
[PlyCount "86"]
[EventDate "2013.12.15"]
[EventType "swiss"]
[EventRounds "9"]
[EventCountry "ITA"]
[SourceTitle "CBM 158 Extra"]
[Source "ChessBase"]
[SourceDate "2014.02.28"]
[SourceVersion "1"]
[SourceVersionDate "2014.02.28"]
[SourceQuality "1"]

1. c4 e5 2. g3 Nc6 3. Bg2 Bc5 4. Nc3 d6 5. Na4 Nge7 6. Nxc5 dxc5 7. d3 0-0 8. Nf3 f6 9. 0-0 Be6 10. Be3 b6 11. Nd2 Qd7 12. a3 Bh3 13. f3 Be6 14. Bf2 a5 15. Ne4 f5 16. Ng5 f4 17. Nxe6 Qxe6 18. e3 Rad8 19. Qe2 Qd7 20. Rad1 Rf6 21. Rfe1 Ng6 22. Qc2 Rd6 23. Bf1 Nge7 24. Qc1 fxg3 25. hxg3 e4 26. f4 Nf5 27. Qc3 Ncd4 28. Bg2 Nf3+ 29. Bxf3 exf3 30. e4 Nh4 31. f5 Ng2 32. e5 Nxe1 33. exd6 Ng2 34. d4 Qxf5 35. dxc7 Re8 36. Qd3 Qh5 37. c8Q Rxc8 38. Qe4 Kh8 39. Rd3 cxd4 40. Qxf3 Qxf3 41. Rxf3 Ne3 42. Bxe3 dxe3 43. Rxe3 Kg8 1/2-1/2

[Event "Padova op-A 16th"]
[Site "Padova"]
[Date "2013.12.19"]
[Round "6"]
[White "Rombaldoni, Axel"]
[Black "Caprio, Guido"]
[Result "0-1"]
[WhiteElo "2527"]
[BlackElo "2423"]
[PlyCount "82"]
[EventDate "2013.12.15"]
[EventType "swiss"]
[EventRounds "9"]
[EventCountry "ITA"]
[SourceTitle "CBM 158 Extra"]
[Source "ChessBase"]
[SourceDate "2014.02.28"]
[SourceVersion "1"]
[SourceVersionDate "2014.02.28"]
[SourceQuality "1"]

1. c4 e6 2. Nf3 Nf6 3. g3 d5 4. Bg2 Be7 5. 0-0 0-0 6. b3 b6 7. Bb2 Bb7 8. cxd5 Nxd5 9. Na3 c5 10. Nc4 Nc6 11. d4 cxd4 12. Nxd4 Bf6 13. Nxc6 Bxc6 14. Bxf6 Qxf6 15. e4 Ne7 16. Qd6 Rfd8 17. Qa3 Ng6 18. Rac1 Qd4 19. Ne3 Qd7 20. Rc3 Ne5 21. h3 Qd4 22. b4 Ba4 23. Rc7 Qd6 24. Rfc1 b5 25. Qc3 Nd3 26. e5 Nxc1 27. exd6 Ne2+ 28. Kf1 Nxc3 29. Bxa8 Nxa2 30. Ng4 f6 31. d7 Kf7 32. Rxa7 Nxb4 33. Be4 h6 34. Rc7 Ke7 35. Bg6 Rxd7 36. Rc8 Nd5 37. Ra8 Bb3 38. Be8 Bc4+ 39. Ke1 Rd8 40. Rxd8 Kxd8 41. Bc6 Nb4 0-1

[Event "Padova op-A 16th"]
[Site "Padova"]
[Date "2013.12.18"]
[Round "5"]
[White "Caprio, Guido"]
[Black "Mrdja, Milan"]
[Result "1-0"]
[WhiteElo "2423"]
[BlackElo "2379"]
[PlyCount "109"]
[EventDate "2013.12.15"]
[EventType "swiss"]
[EventRounds "9"]
[EventCountry "ITA"]
[SourceTitle "CBM 158 Extra"]
[Source "ChessBase"]
[SourceDate "2014.02.28"]
[SourceVersion "1"]
[SourceVersionDate "2014.02.28"]
[SourceQuality "1"]

1. d4 d5 2. c4 c6 3. e3 Nf6 4. Nc3 g6 5. Nf3 Bg7 6. Bd3 0-0 7. 0-0 dxc4 8. Bxc4 Bg4 9. Be2 Nbd7 10. e4 Bxf3 11. Bxf3 Nb6 12. Bg5 Ne8 13. Qb3 h6 14. Be3 Kh7 15. a4 Nd6 16. e5 Nf5 17. a5 Nxd4 18. Bxd4 Qxd4 19. axb6 Qxb6 20. Qxb6 axb6 21. Na4 Bxe5 22. Nxb6 Rxa1 23. Rxa1 Rd8 24. Nc4 Bf6 25. Na5 Rd2 26. Rb1 c5 27. Bxb7 Rxb2 28. Rxb2 Bxb2 29. Nb3 Ba3 30. Kf1 Kg7 31. Ke2 c4 32. Na5 c3 33. Kd3 Bc5 34. f3 Bg1 35. h3 Kf6 36. Kxc3 Kg5 37. Kd3 Kf4 38. Ke2 f5 39. Nc6 Bc5 40. Nd8 Ba7 41. Nf7 h5 42. h4 Bd4 43. Ng5 Bf6 44. Kf2 Bd4+ 45. Kf1 Kg3 46. Ne6 Bf6 47. Nf8 Kxh4 48. Nxg6+ Kg5 49. Nf8 Be5 50. f4+ Bxf4 51. Ne6+ Kg4 52. Bf3+ Kg3 53. Ng7 Be5 54. Nxf5+ Kf4 55. Nxe7 1-0

[Event "Padova op-A 16th"]
[Site "Padova"]
[Date "2013.12.17"]
[Round "4"]
[White "Dvirnyy, Danyyil"]
[Black "Caprio, Guido"]
[Result "1-0"]
[WhiteElo "2560"]
[BlackElo "2423"]
[PlyCount "40"]
[EventDate "2013.12.15"]
[EventType "swiss"]
[EventRounds "9"]
[EventCountry "ITA"]
[SourceTitle "CBM 158 Extra"]
[Source "ChessBase"]
[SourceDate "2014.02.28"]
[SourceVersion "1"]
[SourceVersionDate "2014.02.28"]
[SourceQuality "1"]

1. e4 c5 2. Nf3 d6 3. d4 cxd4 4. Nxd4 Nf6 5. Nc3 Nc6 6. Bc4 e6 7. Be3 Be7 8. Qe2 0-0 9. 0-0-0 Bd7 10. f4 Rc8 11. e5 Ne8 12. Kb1 Na5 13. Bd3 d5 14. f5 Nc4 15. Bc1 Bg5 16. fxe6 fxe6 17. Nxd5 exd5 18. e6 Bxc1 19. Bxc4 Bg5 20. Bxd5 Nf6 1-0

[Event "Gabicce Mare op 1st"]
[Site "Gabicce Mare"]
[Date "2013.12.05"]
[Round "7"]
[White "Bjerke, Silje"]
[Black "Caprio, Guido"]
[Result "1/2-1/2"]
[WhiteElo "2210"]
[BlackElo "2409"]
[PlyCount "24"]
[EventDate "2013.01.02"]
[EventType "swiss"]
[EventRounds "9"]
[EventCountry "ITA"]
[SourceTitle "EXT 2015"]
[Source "ChessBase"]
[SourceDate "2014.11.20"]
[SourceVersion "1"]
[SourceVersionDate "2014.11.20"]
[SourceQuality "1"]

1. e4 e5 2. Nf3 Nc6 3. Bb5 Nf6 4. 0-0 Nxe4 5. Re1 Nd6 6. Nxe5 Be7 7. Bf1 Nxe5 8. Rxe5 0-0 9. d4 Bf6 10. Re1 Re8 11. c3 Rxe1 12. Qxe1 Qe7 1/2-1/2

[Event "ITA-ch 73rd"]
[Site "Rome"]
[Date "2013.11.30"]
[Round "9"]
[White "Caprio, Guido"]
[Black "Godena, Michele"]
[Result "1/2-1/2"]
[WhiteElo "2418"]
[BlackElo "2501"]
[PlyCount "41"]
[EventDate "2013.11.21"]
[EventType "tourn"]
[EventRounds "11"]
[EventCountry "ITA"]
[EventCategory "10"]
[SourceTitle "CBM 157 Extra"]
[Source "ChessBase"]
[SourceDate "2013.12.19"]
[SourceVersion "1"]
[SourceVersionDate "2013.12.19"]
[SourceQuality "1"]

1. d4 d5 2. c4 c6 3. Nc3 Nf6 4. e3 a6 5. Qc2 e6 6. Nf3 dxc4 7. Bxc4 c5 8. 0-0 b5 9. Be2 cxd4 10. Nxd4 Bb7 11. Rd1 Nbd7 12. Bf3 Bxf3 13. Nxf3 Qc7 14. Qe2 Bc5 15. Bd2 0-0 16. b4 Be7 17. a4 bxa4 18. Rxa4 Qb7 19. b5 axb5 20. Rxa8 Rxa8 21. Qxb5 1/2-1/2

[Event "ITA-ch 73rd"]
[Site "Rome"]
[Date "2013.11.28"]
[Round "7"]
[White "Caprio, Guido"]
[Black "Dvirnyy, Danyyil"]
[Result "0-1"]
[WhiteElo "2418"]
[BlackElo "2560"]
[PlyCount "94"]
[EventDate "2013.11.21"]
[EventType "tourn"]
[EventRounds "11"]
[EventCountry "ITA"]
[EventCategory "10"]
[SourceTitle "CBM 157 Extra"]
[Source "ChessBase"]
[SourceDate "2013.12.19"]
[SourceVersion "1"]
[SourceVersionDate "2013.12.19"]
[SourceQuality "1"]

1. d4 f5 2. c4 Nf6 3. Nc3 d6 4. Bg5 Nbd7 5. Qc2 g6 6. Nf3 Bg7 7. 0-0-0 0-0 8. h4 c6 9. e3 a6 10. c5 Qe8 11. cxd6 exd6 12. Bf4 Qe7 13. Kb1 Nh5 14. Bg5 Ndf6 15. Bd3 Qf7 16. Ka1 Be6 17. Bxf6 Qxf6 18. Ng5 b5 19. g4 fxg4 20. Nce4 Qe7 21. Nxe6 Qxe6 22. Qxc6 Rae8 23. Nxd6 Rd8 24. Nf5 Qxc6 25. Ne7+ Kh8 26. Nxc6 Rd6 27. Ne5 Bxe5 28. dxe5 Re6 29. Be2 Rxf2 30. Bxg4 Rxe5 31. Bxh5 Rxh5 32. a3 Kg7 33. Rd7+ Rf7 34. Rxf7+ Kxf7 35. Rf1+ Rf5 36. Rc1 Rh5 37. Rf1+ Ke6 38. Rf4 Re5 39. e4 Rh5 40. Ka2 Ke5 41. Rg4 Kd4 42. a4 Ke3 43. axb5 axb5 44. Kb3 Kf3 45. Rg1 Rxh4 46. e5 Re4 47. Rh1 Rxe5 0-1